000 00585nam a22002177a 4500
003 UA-OsUOA
001 65691
007 ta
008 20091204b un ||||| |||| 00| 0 ukr d
090 _a141.7
_bЛ93
942 _cBK
040 _aUA-OsUOA
_bukr
_cUA-OsUOA
_dUA-OsUOA
245 _aЛюдина. Світ. Суспільство
_b(До 175-річчя філософського факультету)
300 _a203 с.
955 _a2
041 _aukr
080 _a141.7
260 _aК.
_c2009
650 7 _a1 Філософські науки
_2UDC
999 _c351814
_d351814